<?xml version="1.0" encoding="UTF-8"?>
<collection xmlns="http://www.loc.gov/MARC21/slim">
 <record>
  <leader>01525nam a22001817a 4500</leader>
  <controlfield tag="001">NCT_98977</controlfield>
  <controlfield tag="008">220309b        xxu||||| |||| 00| 0 vie d</controlfield>
  <datafield tag="999" ind1=" " ind2=" ">
   <subfield code="c">4946</subfield>
   <subfield code="d">4946</subfield>
  </datafield>
  <datafield tag="082" ind1="0" ind2="4">
   <subfield code="2">23rd ed.</subfield>
   <subfield code="a">346</subfield>
   <subfield code="b">C101V</subfield>
  </datafield>
  <datafield tag="245" ind1="0" ind2="0">
   <subfield code="a">Các văn bản pháp quy = </subfield>
   <subfield code="b">Legal documents</subfield>
   <subfield code="n">Số 26</subfield>
   <subfield code="c">Bộ công thương. Trung tâm Thông tin Công nghiệp và thương mại</subfield>
  </datafield>
  <datafield tag="260" ind1=" " ind2=" ">
   <subfield code="a">H.</subfield>
   <subfield code="b">Bộ công thương. Trung tâm Thông tin Công nghiệp và thương mại</subfield>
   <subfield code="c">2018</subfield>
  </datafield>
  <datafield tag="300" ind1=" " ind2=" ">
   <subfield code="c">29cm</subfield>
  </datafield>
  <datafield tag="362" ind1=" " ind2=" ">
   <subfield code="a">07/2018</subfield>
  </datafield>
  <datafield tag="520" ind1="3" ind2=" ">
   <subfield code="a">Trong số này quy định về đầu tư theo hình thức đối tác công tư; Quy định xử phạt vi phạm hành chính trong giống vật nuôi, thức ăn, chăn nuôi, thủy sản; Quy định chi tiết về quản lý hoạt động kinh doanh theo phương thức đa cấp; Quy định của Bộ Y tế về chất lượng thuốc, nguyên liệu làm thuốc; Hướng dẫn thực hiện mức lương cơ sở đối với các đối tượng hưởng lương, phụ cấp trong các cơ quan, tổ chức, đơn vị sự nghiệp công lập của Đảng, Nhà nước, tổ chức chính trị-xã hội</subfield>
  </datafield>
  <datafield tag="655" ind1=" " ind2=" ">
   <subfield code="a">Tạp chí</subfield>
  </datafield>
  <datafield tag="942" ind1=" " ind2=" ">
   <subfield code="2">ddc</subfield>
   <subfield code="c">CR</subfield>
  </datafield>
  <datafield tag="952" ind1=" " ind2=" ">
   <subfield code="0">0</subfield>
   <subfield code="1">0</subfield>
   <subfield code="2">ddc</subfield>
   <subfield code="4">0</subfield>
   <subfield code="6">346_000000000000000_C101V</subfield>
   <subfield code="7">0</subfield>
   <subfield code="9">22369</subfield>
   <subfield code="a">000001</subfield>
   <subfield code="b">000001</subfield>
   <subfield code="d">2022-03-11</subfield>
   <subfield code="o">346 C101V</subfield>
   <subfield code="r">2022-03-11</subfield>
   <subfield code="w">2022-03-11</subfield>
   <subfield code="y">CR</subfield>
  </datafield>
  <datafield tag="980" ind1=" " ind2=" ">
   <subfield code="a">Thư viện Trường Đại học Nam Cần Thơ</subfield>
  </datafield>
 </record>
</collection>
